Normal view MARC view
  • SARMA,U.KV, PAI VENKETESWARA, JOSHI DINESH MOHAN RAMASUBRAMANIAN.K

Entry Personal Name

Number of records used in: 1

001 - CONTROL NUMBER

  • control field: 8874

003 - CONTROL NUMBER IDENTIFIER

  • control field: JRU

005 - DATE AND TIME OF LATEST TRANSACTION

  • control field: 20260227122859.0

008 - FIXED-LENGTH DATA ELEMENTS

  • fixed length control field: 260227|| aca||aabn | a|a d

040 ## - CATALOGING SOURCE

  • Original cataloging agency: JRU
  • Transcribing agency: JRU

100 ## - HEADING--PERSONAL NAME

  • Personal name: SARMA,U.KV, PAI VENKETESWARA, JOSHI DINESH MOHAN RAMASUBRAMANIAN.K

670 ## - SOURCE DATA FOUND

  • Source citation: Work cat.: (JRU)9050: SARMA,U.KV, PAI VENKETESWARA, JOSHI DINESH MOHAN RAMASUBRAMANIAN.K, MADHYAMANAYANAPRAKAH: AN UNKNOWN MANUSCRIPT ASCRIBED TO MANUSCRIPT ASCRIBED TO MADHAVA ENGLISH TRANSLATION WITH NOTES, 2011